2024 AFL Grand Final Teams - Statistics

General Stats
  • This quiz has been taken 27 times
  • The average score is 36 of 48
Answer Stats
Number Position Answer % Correct
23 FWD Charlie Cameron
100%
9 (c) MID Lachie Neale
100%
4 RUCK Brodie Grundy
95%
1 MID/FWD Chad Warner
95%
3 FWD/RUCK Joe Daniher
95%
32 RUCK Darcy Fort
91%
15 DEF Dayne Zorko
91%
5 MID/FWD Isaac Heeney
91%
4 FWD Callum Ah Chee
86%
16 FWD/MID Cam Rayner
86%
Coach Chris Fagan
86%
30 FWD Eric Hipwood
86%
31 (c) DEF Harris Andrews
86%
5 MID Josh Dunkley
86%
11 FWD Tom Papley
86%
21 MID Errol Gulden
82%
6 MID Hugh McCluggage
82%
7 MID Jarrod Berry
82%
8 MID James Rowbottom
77%
Coach John Longmire
77%
1 FWD Kai Lohmann
77%
8 MID Will Ashcroft
77%
37 DEF Brandon Starcevich
73%
44 DEF Darcy Wilmot
73%
44 DEF Jake Lloyd
73%
36 FWD Joel Amartey
73%
13 FWD Logan Morris
73%
22 DEF Nick Blakey
73%
35 DEF Ryan Lester
73%
9 FWD Will Hayward
73%
24 (c) DEF Dane Rampe
68%
6 FWD Logan McDonald
68%
26 FWD/MID Luke Parker
68%
2 FWD/RUCK Hayden McLean
64%
40 DEF Jack Payne
64%
13 DEF Ollie Florent
64%
30 DEF Tom McCartin
64%
33 FWD/MID Zac Bailey
64%
26 (sub) DEF Conor McKenna
59%
16 (sub) DEF Braeden Campbell
55%
7 DEF Harry Cunningham
55%
28 MID Jaspa Fletcher
55%
43 DEF Lewis Melican
55%
34 DEF Matt Roberts
55%
17 MID James Jordon
50%
27 MID Justin McInerney
50%
42 DEF Robbie Fox
50%
43 DEF Noah Answerth
45%
No matching quizzes found
Score Distribution
Percent of People with Each Score
Percentile by Number Answered
Your Score History
You have not taken this quiz